000 00681nam a2200241 i 4500
001 17056
003 ES-MaACL
005 20230906151507.0
007 t|
008 001218s2000 sp ||||1| spa d
020 _a84-339-2058-8
080 _a821.133.1-31"19"
100 1 _aPerec, Georges.
_990443
245 1 3 _aLa vida instruccciones de uso /
_cGeorges Perec.
250 _a3ª ed. en "Compactos".
260 _aBarcelona :
_bAnagrama,
_c2000.
300 _a634 p. ;
_c22 cm.
490 1 _aCompactos Anagrama ;
_v54
700 1 _aEscué, Josep.
_947715
830 0 _aCompactos Anagrama ;
_v54
_9180205
852 _aES-MaACL
_jL-24004
_bR.129063
999 _c17056
_d17056